| 000 | 00686cam a22002413a 4500 | ||
|---|---|---|---|
| 001 | 16790 | ||
| 003 | PGUSA | ||
| 005 | 20140828083346.0 | ||
| 008 | 051002s2005||||xxu|||||s|||||000 | eng d | ||
| 040 |
_aPGUSA _beng |
||
| 042 | _adc | ||
| 050 | 4 | _aDA | |
| 100 | 1 |
_aAllen, Grant, _d1848-1899 |
|
| 245 | 1 | 0 |
_aAnglo-Saxon Britain _h[electronic resource] / _cGrant Allen |
| 260 |
_bProject Gutenberg, _c2005 |
||
| 506 | _aPublic domain in the USA. | ||
| 516 | _aElectronic text | ||
| 653 | _aGreat Britain -- History -- Anglo-Saxon period, 449-1066 | ||
| 653 | _aAnglo-Saxons | ||
| 830 | 0 |
_aProject Gutenberg _v16790 |
|
| 856 | 4 | 0 | _uhttp://www.gutenberg.org/ebooks/16790 |
| 942 | _cEB | ||
| 999 |
_c246045 _d246045 |
||